000 01425cam a2200217 4500
001 WB3804-04
008 020131n2002 000 0 eng u
035 _a(Sirsi) u116562
245 _aHeritage controls under one roof
260 _c2002
490 _aRICS Planning & Development Faculty News
_v 28 January 2002 (1)
520 _aGovernment is to examine wrapping listed building and conservation area controls into a 'one stop' planning application. The announcement came in a Department of Culture, Media and Sport's heritage policy statement, published before Christmas. The document, a response to last year's English Heritage power of place statement, says the review will look into 'integrating the present array of controls into a single regime'. "The historic environment - a force for our future" at: http://www.culture.gov.uk/heritage/historic_environment_review.html; Power of place statement: http://www.english-heritage.org.uk/default.asp?WCI=WebItem&WCE=2193 Department for Culture, Media and Sport - historic environment: http://www.culture.gov.uk/heritage/english.html
590 _aWB
650 _aENGLISH HERITAGE
650 _aLISTED BUILDINGS
650 _aPLANNING APPLICATIONS
650 _aHISTORIC ENVIRONMENT
650 _aCOMMISSION FOR ARCHITECTURE AND THE BUILT ENVIRONMENT
690 _aBUILT ENVIRONMENT-BUILDING MAINTENANCE AND REFURBISHMENT-BUILDING CONSERVATION
942 _n0
999 _c69408
_d69408